Es muy fácil : una historia de cómo tomar decisiones aportando valor a la empresa /

Obra novelada para explicar la importancia que tiene la misión de la empresa para la consecusión de sus objetivos.

Uloženo v:
Podrobná bibliografie
Hlavní autor: Lagarriga, Josep María (autor)
Médium: Kniha
Jazyk:španělština
Vydáno: Barcelona, España : Granica, 2003, c2003
Edice:(Puenteaéreo)
Témata:
Tagy: Přidat tag
Žádné tagy, Buďte první, kdo vytvoří štítek k tomuto záznamu!

MARC

LEADER 00000nam^a2200000^a^4500
001 000183472
005 20250521000000.0
009 20260310102041.399
020 |a 84-7577-952-2 
037 |a Acervo ITESO - Biblioteca 
041 |a ESP 
082 |a 658. 4012  |b LAG 
100 |a Lagarriga, Josep María  |e (autor) 
245 1 0 |a Es muy fácil :  |b una historia de cómo tomar decisiones aportando valor a la empresa /  |c J.M. Lagarriga 
264 4 |a Barcelona, España :  |b Granica,  |c 2003, c2003 
300 |a 86 p. 
336 |a texto  |b txt  |2 rdacontenido 
337 |a sin mediación  |b n  |2 rdamedio 
338 |a volumen  |b nc  |2 rdasoporte 
440 1 |a (Puenteaéreo) 
520 |a Obra novelada para explicar la importancia que tiene la misión de la empresa para la consecusión de sus objetivos. 
649 |a XX 
650 |a Planeación Administrativa 
650 |a Planeación Estratégica 
650 |a Toma de Decisiones 
650 |a Proceso Administrativo -  |x Dirección 
650 |a Administración 
650 |a Ciencias Administrativas 
910 |a Fondo General 
920 |a Impresos - Libros 
930 |a Colección General 
905 |a 101 
901 |a 0500123687  |b IT1  |c ACC  |u 20250521 
902 |a https://opac.biblio.iteso.mx/vufind/Record/000183472